الادارة الاستراتيجية (رقم التسجيلة. 21019)
[ عرض عادي ]
| 000 -الفاتح | |
|---|---|
| حقل البيانات ثابتة الطول | 00713nam a22002177a 4500 |
| 003 - محدد رقم الضبط | |
| رقم الضبط | OSt |
| 005 - وقت وتاريخ اخر تعامل مع التسجيلة | |
| رقم الضبط | 20150408114009.0 |
| 008 - عناصر البيانات ثابتة الطول - معلومات عامة | |
| حقل البيانات ثابتة الطول | 120314t xxu||||| |||| 00| 0 eng d |
| 020 ## - الرقم الدولى المعيارى للكتب | |
| الرقم الدولى المعيارى للكتاب | 9789957452810 |
| 040 ## - مصدر الفهرسة | |
| وكالة الفهرسة الأصلية | MU |
| لغة الفهرسة | ara |
| وكالة النسخ | MB |
| 082 ## - رقم تصنيف ديوى العشرى | |
| رقم الطبعة | 21 |
| رقم التصنيف | 658.4012 |
| رقم المادة | س م ا |
| 100 ## - المدخل الرئيسى - إسم شخصى | |
| الإسم الشخصى | سالم ، محمد علي |
| 9 (RLIN) | 9870 |
| 245 ## - بيان العنوان | |
| العنوان | الادارة الاستراتيجية |
| بيان المسئوليه,etc | محمد على سالم |
| 250 ## - بيان الطبعة | |
| بيان الطبعة | ط. 1. |
| 260 ## - PUBLICATION, DISTRIBUTION, ETC. (IMPRINT) | |
| مكان الناشر او الموزع | عمان، الأردن |
| اسم الناشر او الموزع | دار البداية |
| تاريخ النشر أو التوزيع | 2009 |
| 300 ## - الوصف المادى | |
| التعداد | 199 ص |
| تفاصيل ماديه اخرى للوعاء | جداول |
| أبعاد الوعاء | 24 سم. |
| 650 ## - المدخل الاضافى بالموضوع-مصطلح موضوعى | |
| مصطلح موضوعي أو اسم جغرافي كعنصر مدخل | الإدارة الاستراتيجية |
| 9 (RLIN) | 9871 |
| 650 ## - المدخل الاضافى بالموضوع-مصطلح موضوعى | |
| مصطلح موضوعي أو اسم جغرافي كعنصر مدخل | الإدارة التنفيذية |
| 9 (RLIN) | 9615 |
| 650 ## - المدخل الاضافى بالموضوع-مصطلح موضوعى | |
| مصطلح موضوعي أو اسم جغرافي كعنصر مدخل | ادارة الافراد |
| 9 (RLIN) | 1668 |
| 942 ## - عناصر المدخل الإضافي( كوها) | |
| مصدر التصنيف او مخطط الترفيف | Dewey Decimal Classification |
| Koha [default] item type | كتاب |
| حالة الفقد | نموذج السعر الفعال | حالة تلف | ليس للاعارة | رقم الطلب | تاريخ الاكتساب | الموقع الحالي | الباركود | الفرع الرئيسي | Date last seen | نوع المادة فى نظام كوها | مصدر التصنيف او خطة الترفيف | Total Checkouts |
|---|---|---|---|---|---|---|---|---|---|---|---|---|
| 2013-03-10 | 658.4012 س م ا | 2012-03-14 | مكتبة كلية العلوم و الدراسات الإنسانية برماح - طلاب (SRM) | 00076018 | مكتبة كلية العلوم و الدراسات الإنسانية برماح - طلاب (SRM) | 2013-03-10 | كتاب | Dewey Decimal Classification | ||||
| 2013-03-10 | 658.4012 س م ا | 2012-03-14 | مكتبة كلية العلوم و الدراسات الإنسانية برماح - طلاب (SRM) | 00076019 | مكتبة كلية العلوم و الدراسات الإنسانية برماح - طلاب (SRM) | 2013-03-10 | كتاب | Dewey Decimal Classification | ||||
| 2013-03-10 | 658.4012 س م ا | 2012-03-14 | مكتبة كلية العلوم و الدراسات الإنسانية برماح - طلاب (SRM) | 00076020 | مكتبة كلية العلوم و الدراسات الإنسانية برماح - طلاب (SRM) | 2013-03-10 | كتاب | Dewey Decimal Classification | ||||
| 2013-03-10 | 658.4012 س م ا | 2012-03-14 | مكتبة كلية العلوم و الدراسات الإنسانية برماح - طلاب (SRM) | 00076021 | مكتبة كلية العلوم و الدراسات الإنسانية برماح - طلاب (SRM) | 2013-03-10 | كتاب | Dewey Decimal Classification | ||||
| 2013-03-10 | 658.4012 س م ا | 2012-03-14 | مكتبة كلية العلوم و الدراسات الإنسانية برماح - طلاب (SRM) | 00076022 | مكتبة كلية العلوم و الدراسات الإنسانية برماح - طلاب (SRM) | 2013-03-10 | كتاب | Dewey Decimal Classification |
